| 000 | 01219nam a2200325Ia 4500 | ||
|---|---|---|---|
| 001 | ebr10596946 | ||
| 003 | CaPaEBR | ||
| 006 | m u | ||
| 007 | cr cn||||||||| | ||
| 008 | 120517s2012 njua sb 001 0 eng d | ||
| 010 | _z 2012020183 | ||
| 020 | _z9780470949450 (cloth) | ||
| 020 | _z9781118407714 | ||
| 040 |
_aCaPaEBR _cCaPaEBR |
||
| 035 | _a(OCoLC)815502629 | ||
| 050 | 1 | 4 |
_aRM301.63 _b.B64 2012eb |
| 082 | 0 | 4 |
_a615.1/9 _223 |
| 100 | 1 | _aBodor, Nicholas. | |
| 245 | 1 | 0 |
_aRetrometabolic drug design and targeting _h[electronic resource] / _cNicholas Bodor, Peter Buchwald. |
| 260 |
_aHoboken, N.J. : _bJohn Wiley & Sons, _cc2012. |
||
| 300 |
_axii, 405 p. : _bill. |
||
| 504 | _aIncludes bibliographical references and index. | ||
| 533 |
_aElectronic reproduction. _bPalo Alto, Calif. : _cebrary, _d2011. _nAvailable via World Wide Web. _nAccess may be limited to ebrary affiliated libraries. |
||
| 650 | 0 | _aDrug targeting. | |
| 650 | 0 | _aDrug development. | |
| 655 | 7 |
_aElectronic books. _2local |
|
| 700 | 1 | _aBuchwald, Peter. | |
| 710 | 2 | _aebrary, Inc. | |
| 856 | 4 | 0 |
_uhttp://site.ebrary.com/lib/rucke/Doc?id=10596946 _zAn electronic book accessible through the World Wide Web; click to view |
| 999 |
_c108826 _d108826 |
||